000 01443nam a2200349Ia 4500
001 ebr10601779
003 CaPaEBR
006 m u
007 cr cn|||||||||
008 110221s2011 xnaab sb 001 0 eng d
020 _z1921719125 (pbk)
020 _z9781921719127 (pbk)
020 _z9781921719394
040 _aCaPaEBR
_cCaPaEBR
035 _a(OCoLC)795120466
050 1 4 _aDS357.5
_b.B35 2011eb
100 1 _aBaker, K. J.
_q(Kevin James)
245 1 0 _aWar in Afghanistan
_h[electronic resource] :
_ba short history of eighty wars and conflicts in Afghanistan and the North-West Frontier 1839-2011 /
_cKevin Baker.
250 _a1st ed.
260 _aKenthurst, N.S.W. :
_bRosenberg Publishing,
_c2011.
300 _a264 p. :
_bill., maps.
504 _aIncludes bibliographical references (p. 246-251) and index.
504 _aIncludes bibliographical references (p. 246-257) and index.
533 _aElectronic reproduction.
_bPalo Alto, Calif. :
_cebrary,
_d2011.
_nAvailable via World Wide Web.
_nAccess may be limited to ebrary affiliated libraries.
651 0 _aAfghanistan
_xHistory, Military.
651 0 _aAfghanistan
_xHistory.
651 0 _aIndia
_xHistory, Military.
651 0 _aIndia
_xHistory.
655 7 _aElectronic books.
_2local
710 2 _aebrary, Inc.
856 4 0 _uhttp://site.ebrary.com/lib/rucke/Doc?id=10601779
_zAn electronic book accessible through the World Wide Web; click to view
999 _c98274
_d98274